<?xml version="1.0" encoding="UTF-8"?>
<marc:record xmlns:marc="http://www.loc.gov/MARC21/slim">
   <marc:leader>00000nam a2200000 a 4500</marc:leader>
   <marc:datafield ind1="1" ind2=" " tag="100">
      <marc:subfield code="a">Imbsweiler, Marcus</marc:subfield>
      <marc:subfield code="4">aut</marc:subfield>
      <marc:subfield code="e">Verfasser/-in</marc:subfield>
   </marc:datafield>
   <marc:datafield ind1=" " ind2=" " tag="653">
      <marc:subfield code="a">Liszt</marc:subfield>
   </marc:datafield>
   <marc:datafield ind1=" " ind2=" " tag="653">
      <marc:subfield code="a">Franz</marc:subfield>
   </marc:datafield>
   <marc:datafield ind1=" " ind2=" " tag="653">
      <marc:subfield code="a">Agoult</marc:subfield>
   </marc:datafield>
   <marc:datafield ind1=" " ind2=" " tag="653">
      <marc:subfield code="a">Marie de Flavigny d'</marc:subfield>
   </marc:datafield>
   <marc:datafield ind1=" " ind2=" " tag="653">
      <marc:subfield code="a">Geschichte 1841</marc:subfield>
   </marc:datafield>
   <marc:datafield ind1=" " ind2=" " tag="653">
      <marc:subfield code="a">Mädchen</marc:subfield>
   </marc:datafield>
   <marc:datafield ind1=" " ind2=" " tag="653">
      <marc:subfield code="a">Verschwinden</marc:subfield>
   </marc:datafield>
   <marc:datafield ind1=" " ind2=" " tag="653">
      <marc:subfield code="a">Fiktionale Darstellung</marc:subfield>
   </marc:datafield>
   <marc:datafield ind1=" " ind2=" " tag="653">
      <marc:subfield code="a">Belletristische Darstellung</marc:subfield>
   </marc:datafield>
   <marc:datafield ind1="0" ind2="0" tag="245">
      <marc:subfield code="a">Die Erstürmung des Himmels</marc:subfield>
   </marc:datafield>
   <marc:datafield ind1="0" ind2="0" tag="245">
      <marc:subfield code="b">Franz Liszt auf Nonnenwerth</marc:subfield>
   </marc:datafield>
   <marc:datafield ind1="0" ind2="0" tag="245">
      <marc:subfield code="c">Marcus Imbsweiler</marc:subfield>
   </marc:datafield>
   <marc:datafield ind1=" " ind2="1" tag="264">
      <marc:subfield code="a">Meßkirch</marc:subfield>
      <marc:subfield code="b">Gmeiner</marc:subfield>
      <marc:subfield code="c">2011</marc:subfield>
   </marc:datafield>
   <marc:datafield ind1="1" ind2=" " tag="490">
      <marc:subfield code="a">Gmeiner Original</marc:subfield>
   </marc:datafield>
   <marc:datafield ind1=" " ind2=" " tag="250">
      <marc:subfield code="a">1. Aufl.</marc:subfield>
   </marc:datafield>
   <marc:datafield ind1="1" ind2=" " tag="520">
      <marc:subfield code="a">Angaben aus der Verlagsmeldung

Die Erstürmung des Himmels : Historischer Roman / von Marcus Imbsweiler

Franz Liszt, gefeierter und umschwärmter Klaviervirtuose, zieht sich im Sommer 1841 zur Erholung auf die Rhein-Insel Nonnenwerth zurück. Mit ihm kommen seine Lebensgefährtin, die Gräfin Marie d’Agoult, und ihre gemeinsame Freundin, die Schriftstellerin George Sand. Schon bald wird die Insel zum Ziel von Musikliebhabern und Liszt-Verehrern, die per Dampfschiff anreisen. Ruhe findet der Komponist daher kaum.
Im August gibt er ein gefeiertes Konzert zum Weiterbau des Kölner Doms, was die Liszt-Begeisterung am Rhein noch einmal steigert. Dafür kriselt es zusehends im Verhältnis mit Marie, die seinen Tourneeplänen kritisch gegenübersteht. Und als kurz vor Liszts 30. Geburtstag ein kleines Mädchen spurlos verschwindet, überschlagen sich die Ereignisse …
</marc:subfield>
   </marc:datafield>
   <marc:datafield ind1=" " ind2=" " tag="020">
      <marc:subfield code="a">9783839212134</marc:subfield>
      <marc:subfield code="9">9783839212134</marc:subfield>
   </marc:datafield>
   <marc:datafield ind1=" " ind2=" " tag="020">
      <marc:subfield code="a">3839212138</marc:subfield>
      <marc:subfield code="9">3839212138</marc:subfield>
   </marc:datafield>
   <marc:datafield ind1=" " ind2=" " tag="041">
      <marc:subfield code="a">ger</marc:subfield>
   </marc:datafield>
   <marc:datafield ind1=" " ind2=" " tag="300">
      <marc:subfield code="a">462 S.</marc:subfield>
   </marc:datafield>
</marc:record>
